| 000 | 00360nam a2200145Ia 4500 | ||
|---|---|---|---|
| 008 | 230711s9999||||xx |||||||||||||| ||und|| | ||
| 041 | _aENG | ||
| 082 |
_a621.3824 _bPR-A |
||
| 100 | _aPrasad,K.D | ||
| 245 | 0 | _aAntenna and Wave Propagation | |
| 250 | _a3rd Ed. | ||
| 260 |
_c2003 _aNew Delhi _bSatya Prakashan |
||
| 650 | _aElectrical Engineering | ||
| 942 | _cBK | ||
| 999 |
_c4050 _d4050 |
||